000 00243nam a22001217a 4500
003 SGT
082 _a823
_bMEA
100 _aMEAD RICHELLE
245 _aBLOOD PROMISE
260 _aUK
_bPENGUIN PUB
_c2009
300 _a493
942 _2ddc
_cBK
999 _c33687
_d33687